Welcome to CU Library Online Public Access Catalogue (OPAC)

Introduction to business statistics / (Record no. 8477)

MARC details
000 -LEADER
fixed length control field 00898cam a22002654a 4500
001 - CONTROL NUMBER
control field 13460435
005 - DATE AND TIME OF LATEST TRANSACTION
control field 20251201155956.0
008 - FIXED-LENGTH DATA ELEMENTS--GENERAL INFORMATION
fixed length control field 040116s2005 caua b 001 0 eng
020 ## - INTERNATIONAL STANDARD BOOK NUMBER
International Standard Book Number 0534465218
Qualifying information student ed.
020 ## - INTERNATIONAL STANDARD BOOK NUMBER
International Standard Book Number 053446520X
Qualifying information instructor's ed.
020 ## - INTERNATIONAL STANDARD BOOK NUMBER
International Standard Book Number 0534407765
Qualifying information intl. student ed.
020 ## - INTERNATIONAL STANDARD BOOK NUMBER
International Standard Book Number 9780534465216
Qualifying information (student ed.)
020 ## - INTERNATIONAL STANDARD BOOK NUMBER
International Standard Book Number 9780534407766
Qualifying information (intl. student ed.)
050 00 - LIBRARY OF CONGRESS CALL NUMBER
Classification number HF1017
Item number .W45 2005
082 00 - DEWEY DECIMAL CLASSIFICATION NUMBER
Classification number 519.5
Edition information 22
100 1# - MAIN ENTRY--PERSONAL NAME
Personal name Weiers, Ronald M.
245 10 - TITLE STATEMENT
Title Introduction to business statistics /
Statement of responsibility, etc. Ronald M. Weiers ; with business cases by J. Brian Gray, Lawrence H. Peters.
250 ## - EDITION STATEMENT
Edition statement 5th ed.
260 ## - PUBLICATION, DISTRIBUTION, ETC.
Place of publication, distribution, etc. Belmont, CA :
Name of publisher, distributor, etc. Thomson Brooks/Cole,
Date of publication, distribution, etc. c2005.
300 ## - PHYSICAL DESCRIPTION
Extent xxiv, 983 p. :
Other physical details ill. ;
Dimensions 27 cm. +
Accompanying material 1 CD-ROM (4 3/4 in.)
650 #0 - SUBJECT ADDED ENTRY--TOPICAL TERM
Topical term or geographic name entry element Commercial statistics.
700 1# - ADDED ENTRY--PERSONAL NAME
Personal name Gray, J. Brian.
700 1# - ADDED ENTRY--PERSONAL NAME
Personal name Peters, Lawrence H.
942 ## - ADDED ENTRY ELEMENTS (KOHA)
Source of classification or shelving scheme Library of Congress Classification
Koha item type Books
Suppress in OPAC No
999 ## -
-- 8477
-- 8477

No items available.

© 2023-2024 Copyright: Central University Libraries. All Rights Reserved | Created by: Mahone Tech Office